Influencia de Extremadura en la literatura española / (Record no. 48683)

MARC details
000 -LEADER
campo de control de longitud fija 00683nam a22001935i 4500
001 - NÚMERO DE CONTROL
campo de control 48683
003 - IDENTIFICADOR DE NÚMERO DE CONTROL
campo de control ES-MaACL
005 - FECHA Y HORA DE LA ÚLTIMA TRANSACCIÓN
campo de control 20250907063042.0
007 - CAMPO FIJO DE DESCRIPCIÓN FÍSICA--INFORMACIÓN GENERAL
campo de control de longitud fija t|
008 - DATOS DE LONGITUD FIJA--INFORMACIÓN GENERAL
campo de control de longitud fija 950731s1883 sp ||||1| spa d
040 ## - FUENTE DE CATALOGACIÓN
Centro catalogador/agencia de origen CAM
Lengua de catalogación spa
Centro/agencia transcriptor CAM
100 1# - ENTRADA PRINCIPAL--NOMBRE DE PERSONA
Nombre de persona Díaz y Pérez, Nicolás,
Fechas asociadas al nombre 1841-1902
9 (RLIN) 44467
245 10 - MENCIÓN DEL TÍTULO
Título Influencia de Extremadura en la literatura española /
Mención de responsabilidad, etc. conferencia dada por Nicolás Diaz y Pérez en el Ateneo de Badajoz la noche del 25 de junio de 1883.
260 ## - PUBLICACIÓN, DISTRIBUCIÓN, ETC.
Lugar de publicación, distribución, etc. Badajoz :
Nombre del editor, distribuidor, etc. [s.n.],
Fecha de publicación, distribución, etc. 1883 (
Fabricante Tip. La Minerva Extremeña)
300 ## - DESCRIPCIÓN FÍSICA
Extensión 66 p. ;
Dimensiones 18 cm.
710 2# - ENTRADA AGREGADA--NOMBRE DE ENTIDAD CORPORATIVA
Nombre de entidad corporativa o nombre de jurisdicción como elemento de entrada Ateneo de Badajoz.
9 (RLIN) 1857
852 ## - LOCALIZACIÓN
Ubicación ES-MaACL
Número de control de estantería T-1011-F-5
Holdings
Estatus retirado Estado de pérdida Estado de daño No para préstamo Colección Biblioteca de origen Biblioteca actual Ubicación en estantería Fecha de adquisición Fuente de adquisición Total de préstamos Signatura topográfica completa Código de barras Visto por última vez Precio de reemplazo Tipo de ítem Koha
        Colección de folletos Biblioteca del Ateneo de Madrid Biblioteca del Ateneo de Madrid Depósito folletos 17/01/2008     T-1011-F-5 1051230 23/02/2023 23/02/2023 Folleto